Do We Care?: (Record no. 183351)

MARC details
000 -LEADER
fixed length control field 00642 a2200193 4500
005 - DATE AND TIME OF LATEST TRANSACTION
control field 20211223125613.0
010 ## - LCCN (DPL NO)
LC control number ENG-130545
020 ## - INTERNATIONAL STANDARD BOOK NUMBER
International Standard Book Number 978-0-19-012531-8
Terms of availability 595.00
035 ## - SYSTEM CONTROL NUMBER
System control number EN-114077
037 ## - SOURCE OF ACQUISITION
Source of stock number/acquisition DBAD/PUB
082 ## - DEWEY DECIMAL CLASSIFICATION NUMBER
Classification number 362.10954
Item number 1
100 ## - MAIN ENTRY--PERSONAL NAME
Personal name Rao, K.Sujatha
245 ## - TITLE STATEMENT
Title Do We Care?:
Remainder of title India 's Health System/
Statement of responsibility, etc K.Sujatha Rao
250 ## - EDITION STATEMENT
Edition statement 2020
260 ## - PUBLICATION, DISTRIBUTION, ETC. (IMPRINT)
Place of publication, distribution, etc New Delhi
Name of publisher, distributor, etc Oxford University Press
Date of publication, distribution, etc 2020
270 ## - ADDRESS
Address 22 Workspace, 2nd Floor, 1/22 Asaf Ali Road
City New Delhi
Postal code 110002
300 ## - PHYSICAL DESCRIPTION
Extent xix,447 p.
Dimensions 22cm (pbk)
Other physical details Select Bibliography,Index, About the Author
942 ## - ADDED ENTRY ELEMENTS (KOHA)
Institution code [OBSOLETE] dpl
Item type English Books
Source of classification or shelving scheme Dewey Decimal Classification
Classification part 306.30954
Call number suffix BHA
Holdings
Withdrawn status Lost status Not for loan Collection code Home library Current library Date acquired Source of acquisition Cost, normal purchase price Full call number Barcode Copy number Cost, replacement price Koha item type
      Non-fiction Patel Nagar Patel Nagar 23/12/2021 DBAD/PUB 595.00 306.30954 BHA EN-114077 1 595.00 English Books

© Delhi Public Library
Hit Counter
free hit counter